00489 2200193 4500001002100000005001500021008004100036020001800077035001900095041000700114082000800121090001400129100002300143245002600166250001500192260003100207300002700238650003000265INLIS00000000000149720241224112348241224||||||||| | ||| |||| || |  a979-526-866-X 0010-1224001497 aid0 a100 a100 SON f0 aSondang P. Siagian00aFilsafat Administrasi aEd. Revisi aJakartabBumi Aksarac2008 axii, 136 hlm. : 21 cm. 0aIlmu Filsafat & Psikologi